[Event "Gibraltar Masters 9th"]
[Site "Caleta"]
[Date "2011.01.27"]
[Round "3"]
[White "Kosintseva, Nadezhda"]
[Black "Sandipan, Chanda"]
[Result "1-0"]
[WhiteElo "2552"]
[BlackElo "2641"]
[Annotator "Kosintseva,N"]
[PlyCount "119"]
[EventDate "2011.01.25"]
[EventType "swiss"]
[EventRounds "10"]
[EventCountry "GGB"]
[SourceTitle "CBM 141"]
[Source "ChessBase"]
[SourceDate "2011.03.17"]
[SourceVersion "1"]
[SourceVersionDate "2011.03.17"]
[SourceQuality "1"]

1. e4 c5 2. Nf3 d6 3. d4 cxd4 4. Nxd4 Nf6 5. Nc3 a6 6. Bg5 e6 7. f4 Nbd7 8. Qe2
{Judging from the database, this is a rather rarer and less studied
continuation, compared with the usual 8.Qf3. I find the system quite
interesting, chiefly because there are fewer forcing variations, and play
often assumes a more positional character, insofar as this can be said of any
variation of the Najdorf.} Qc7 9. O-O-O b5 10. f5 $5 {This move is a novelty,
as regards my practice of this variation. Previously, I had preferred 10.a3
followed by g4. On this occasion, I preferred to vary my repertoire and try
out an idea I had found recently.} b4 ({The other principled line is} 10... e5
$5 {For the time being, I will not reveal the secrets of my preparation in
this line, but wuill merely modestly hope that I will get another chance to
annotate a game of mine in this variation.}) 11. fxe6 bxc3 12. exd7+ Bxd7 ({
Rather more common is} 12... Nxd7 13. Qc4 cxb2+ 14. Kb1 Qxc4 15. Bxc4 {,with
the better chances for White, on account of his lead in development, which,
for example, was demonstrated in the game Tukmakov-Polagaevsky, played in the
pre-computer era, some 40 years ago:} Ne5 16. Bd5 Rb8 17. Bf4 f6 18. Rhe1 Be7
19. Re3 Bd8 20. h3 Bd7 21. Rb3 Bb6 22. Nf5 $16) 13. Qc4 $5 ({Interestingly,
this position had already arisen in one of my opponent's games, from two years
ago.Then, his opponent, Sanan Sjugirov preferred} 13. Bxf6 {,but after
Sandipan's accurate reaction} Qb6 $1 {, Black retained the queens and the
possibility of counterplay against the white king:} 14. Nb3 ({or} 14. b3 Qb4 $1
15. Rd3 gxf6 $13) ({or} 14. bxc3 gxf6 15. Qh5 Rc8 16. Rd3 Rc5 17. Qh4 Rg8 $132)
14... gxf6 15. Qf3 (15. bxc3 Bh6+ 16. Kb1 Bf4 $1) 15... Rc8 $5 (15... cxb2+ $5
16. Kb1 Be7 $132) 16. Qxf6 Rg8 17. Qd4 cxb2+ 18. Kb1 Qc7 {with chances for
both sides.}) 13... cxb2+ ({Here} 13... Qb6 {allows White after} 14. Qxc3 Nxe4
15. Qe3 {to avoid a weakening of his kingside and develop the initiative,
thanks to his superior development and the weakness of the black d-pawn, eg:}
d5 16. Nb3 Qe6 ({or} 16... Qxe3+ 17. Bxe3 Be6 18. Bd3 Be7 19. Nd4 $14) 17. Kb1
Rc8 18. Bd3 $14) 14. Kb1 Qxc4 ({Here} 14... Qb6 {is more dangerous, because of}
15. Bxf6 gxf6 16. Qd5 {followed by Bc4.}) 15. Bxc4 {One of the key positions,
which is of importance in assessing the whole variation with 10.f5. White can
take the b2-pawn at any moment, whilst Black has weaknesses on a6 and d6,
against which White's play will be directed. My main ideas in this position
are Rhe1, Nf5, Bf4, attacking the pawn on d6. It is also possible to transfer
the rook along the third rank, attacking the weakness on a6. The whole
question is whether Black will manage in the meantime to liquidate his lag in
development and coordinate his pieces, so as to oppose White's play.} Be7 ({
In the event of the immediate} 15... Ng4 16. Rhe1 $5 (16. Rhf1 Ne5 17. Bb3 Be7
18. Bf4 O-O 19. Nf5 Bxf5 20. exf5 Rab8 21. Rd5 $14 {deserves attention, with
the better chances on account of the bishop pair}) {and Black is unlikely to
have anything better than} 16... Ne5 ({but not} 16... Nxh2 $2 17. e5 $18) ({nor
} 16... a5 17. Nf5 Ne5 18. Bf1 f6 19. Bf4 Bxf5 20. exf5 Kf7 21. a4 $14) 17. Bb3
Be7 18. Bf4 {, reaching a position that could have arisen in the game and is
examined below.}) 16. Rhe1 ({The hasty} 16. Nf5 {does not work, because of}
Bxf5 17. exf5 Ne4) 16... Ng4 ({If} 16... O-O {then after} 17. Nf5 Bxf5 18. exf5
Rfe8 19. Rd3 {and White should be better, because of the two bishops, eg.} Ne4
(19... d5 20. Bb3 $14) 20. Bxe7 Rxe7 21. Kxb2 Re5 22. Rde3 d5 23. Bxd5 Rxd5 24.
Rxe4 $14) 17. Bf4 O-O $2 {A mistake, leading to material losses} ({Essential
was} 17... Ne5 {, after which I was intending} 18. Bb3 {with the same idea -
deprive the opponent of his two bishops with Nf5.} O-O ({If Black tries to
prevent this by} 18... g6 {then after} 19. Nf3 $1 f6 20. Bh6 {and his king may
start to feel uncomfortable, eg.} Rb8 (20... O-O-O 21. Nd4 $14) 21. Nxe5 (21.
Bg7 $140 Rxb3 22. axb3 Rg8 23. Bxf6 (23. Bh6 g5 24. h4 Bg4) 23... Bxf6 24. Rxd6
Nxf3 25. gxf3 Bc3 $13) 21... dxe5 22. Rf1 Bf8 (22... Bb5 23. Rf2 $14) 23. Bxf8
Rxf8 24. Rd6 Ke7 25. Rxa6 $14) ({White reacts in analogous fashion after} 18...
Bg4 19. Rd2 g6 20. Rf1 f6 21. Bh6 Bf8 22. Be3 Ke7 23. h3 Bd7 24. Nf3 $14) ({
After the move} 18... a5 {, the simplest is to react with} 19. a4 {retaining
all the same ideas.}) 19. Nf5 Bxf5 20. exf5 a5 21. a4 $14) 18. Nf3 {
underlining the slowness of the knight on g4.} ({Also possible was} 18. Nf5
Bxf5 19. exf5 Ne5 {and here I would have preferred} 20. Bd5 ({rather than} 20.
Bxe5 dxe5 21. Rxe5 Bf6 {with drawish tendencies, because of the
opposite-coloured bishops}) 20... Rab8 21. Re4 {with a positional advantage})
18... Bb5 {Black has not managed to coordinate his pieces and he must part
with the pawn on d6. He decides to open the a-file in compensation, so as to
create pressure against the pawn on a2.} (18... Rfc8 19. Bb3) 19. Bxb5 axb5 20.
Bxd6 Bxd6 21. Rxd6 Ra3 22. Kxb2 ({If the immediate} 22. Rd3 {then after} Rxd3 (
{if} 22... b4 {, then} 23. Re2 $1 Rfa8 $140 24. h3 Nf6 25. Red2 Kf8 26. Rd8+
Rxd8 27. Rxd8+ Ke7 28. Rd4 Re3 29. Rxb4 Nxe4 30. Kxb2 Re2 31. a4 $14) 23. cxd3
Nf2 24. d4 Ra8 $1 {Black starts tactical operations around his pawn on b2, not
giving White the chance to take it in comfort.} ({worse is} 24... Rc8 25. Re2
Nd1 26. Rc2 Rxc2 27. Kxc2 b1=Q+ 28. Kxb1 Nc3+ 29. Kc2 Nxe4 30. Kb3 Kf8 31. Kb4
Ke7 32. a3 $16) 25. Re2 ({or} 25. e5 b4 26. Nd2 Rc8 27. Nb3 Nd3 28. Rd1 Rc3)
25... Nd1 26. Rc2 (26. Rd2 Nc3+ 27. Kxb2 Nxe4) 26... Kf8 27. d5 b4 28. Rc4 b3
29. a4 Rxa4 30. Rxa4 Nc3+ 31. Kxb2 Nxa4+ 32. Ka3 (32. Kxb3 Nc5+ 33. Kc4 Nxe4
$11) 32... b2 33. Nd2 f5 34. exf5 Nc3 35. Kxb2 Nxd5 $11) 22... b4 23. Rd3 Rxd3
(23... Rfa8 {is totally unpromising:} 24. Rxa3 Rxa3 25. Rd1 Kf8 26. Rd8+ Ke7
27. Rb8 Ra4 28. Rb7+ Kf6 29. e5+ Ke6 30. Rb5 $16) 24. cxd3 Nf2 25. Rb1 $1 {
This far from obvious move allows White to retain the extra pawn, exploiting
the awkward position of the enemy pieces.} ({If} 25. Kc2 {there follows} Rc8+
26. Kd2 Rc3 27. d4 ({or} 27. Rb1 Nxd3 28. Rxb4 Nxb4 29. Kxc3 Nxa2+ 30. Kc4 f6
$11) 27... Ra3 28. Kc2 f6 {with compensation}) 25... Ra8 ({If} 25... Nxd3+ {
then} 26. Kc2 Nf4 27. Rxb4 Nxg2 28. a4 Ra8 29. Kb3 {when the advancing a-pawn
is very dangerous for Black; he will find it hard to fight against this with
his scattered pieces.}) ({On} 25... Rd8 {I intended} 26. Kc2 Nxd3 27. Rb3 $1 ({
this is stronger than} 27. Rd1 b3+ $1 28. Kxb3 Nc5+ 29. Kc2 Ra8) 27... Nc5 28.
Rxb4 Ra8 29. a3 Kf8 30. Rc4 Nd7 31. Kb3 $16) ({whilst after} 25... Rc8 26. Ne1
Kf8 27. Rc1 Rd8 28. Kc2 $16 {White retains his extra pawn.}) 26. Ne1 (26. Ne5
Re8) 26... Kf8 ({The situation is not changed by} 26... Ra3 27. Ka1 Kf8 (27...
Nxd3 28. Rd1) 28. Rb3 Rxb3 29. axb3 Ke7 30. Kb2 $16) 27. Ka1 Ra4 28. Rb3 {
Preparing Nc2} Ke7 29. Nc2 Kd6 30. Nxb4 {Now it is two extra pawns, but White
must still overcome some technical difficulties, relating to the activity of
the black king.} Kc5 ({or} 30... Ng4 31. Kb2 Nxh2 32. Nc2 $16) 31. Nc2 Ra7 32.
Kb2 Rd7 33. d4+ Kc4 34. Rb4+ Kd3 35. d5 Ke2 36. Kb3 Nd3 ({After} 36... Kf1 {
the most energetic way is} 37. e5 Kxg2 (37... Nd3 38. Rd4 Nxe5 39. Rd2 $18) 38.
d6 Kxh2 39. Kc4 {with a winning position.}) 37. Rd4 Nc1+ 38. Kb2 Nd3+ 39. Kc3
Rc7+ 40. Rc4 {A small period of time trouble is past, and White has not
blundered anything away, and his position is absolutely winning.} Ra7 41. Nd4+
Ke3 42. Nf5+ Ke2 43. d6 Ne5 44. Rc5 f6 45. Rc7 Rxa2 46. Rxg7 h5 47. Kd4 Rd2+
48. Kc5 Kf2 49. h3 Rd3 50. Kb6 Rb3+ 51. Kc7 Rc3+ 52. Kd8 Rc4 53. Ke7 Rxe4 54.
Kxf6 Nc6 55. g3 Kg2 56. h4 Kf3 57. Rc7 Nd8 58. Re7 Ra4 59. Re8 Nc6 60. d7 {
and here Black finally admitted defeat.} 1-0

[Event "Biel GM 45th"]
[Site "Biel"]
[Date "2012.07.25"]
[Round "3"]
[White "Wang, Hao"]
[Black "Nakamura, Hikaru"]
[Result "1-0"]
[WhiteElo "2739"]
[BlackElo "2778"]
[Annotator "Kritz,L"]
[PlyCount "93"]
[EventDate "2012.07.23"]
[EventType "tourn"]
[EventRounds "10"]
[EventCountry "SUI"]
[EventCategory "21"]
[SourceTitle "CBM 150"]
[Source "ChessBase"]
[SourceDate "2012.09.14"]
[SourceVersion "1"]
[SourceVersionDate "2012.09.14"]
[SourceQuality "1"]

1. e4 c5 2. Nf3 d6 3. d4 cxd4 4. Nxd4 Nf6 5. Nc3 a6 6. Bg5 e6 7. f4 b5 {
Die Problemvariante hier heute ist 7...Qb6.} (7... Qb6 8. Qd2 Qxb2 9. Rb1 Qa3
10. f5 (10. e5 h6 11. Bh4 dxe5 12. fxe5 Nfd7 13. Ne4 Qxa2 14. Rd1 Qd5 15. Qe3
Qxe5 16. Be2 Bc5 17. Bg3 Bxd4 18. Rxd4 Qa5+ 19. Rd2 O-O 20. Bd6 Nc6 21. O-O
Nce5 22. Rdd1 f5 $132 {Karjakin - Kokarev (Sochi, 2012)}) 10... Nc6 11. fxe6
fxe6 12. Nxc6 bxc6 13. Be2 Be7 14. O-O O-O 15. Rb3 Qc5+ 16. Be3 $44 {Ivanchuk
- Grischuk (Nice, 2010)}) 8. e5 {Hier sieht der Zug Qf3 nicht so gut aus, weil
Schwarz gleich seinen Läufer nach b7 entwickeln kann.} (8. Qf3 Bb7 9. Bd3 Nbd7
10. O-O-O Rc8 {Schwarz hat an Qc7 Zeit gespart.} 11. Rhe1 Be7 12. Kb1 Rxc3 13.
bxc3 Qc7 $44 {Lane - Zhao (Canberra, 2010)}) 8... dxe5 9. fxe5 Qc7 (9... h6 10.
Bh4 g5 11. exf6 gxh4 12. Qf3 Ra7 13. O-O-O $18) 10. exf6 {Das ist der Hauptzug.
Etwas schwächer ist 10.Qe2.} (10. Qe2 Nfd7 11. O-O-O Bb7 12. Qg4 Qb6 13. Be2
Nxe5 14. Qh3 Nbd7 $132 {Vallejo Pons - Bromberger (Bahia Feliz, 2011)}) 10...
Qe5+ 11. Be2 (11. Qe2 Qxg5 12. Ne4 Qe5 13. O-O-O Ra7 14. Qf3 Rd7 15. c3 Bb7
$132 {Bindrich - Vorobiov (Cappelle la Grande, 2010)}) 11... Qxg5 12. O-O {
Weiß kann die Dame nicht gleich angreifen:} (12. Ne4 Qh4+ 13. Ng3 gxf6 $15)
12... Ra7 {Die Idee von Schwarz ist es, den Turm ins Zentrum zu bringen, und
erst dann Bb7 zu spielen.} (12... Qe5 13. Nf3 Qe3+ 14. Kh1 Nd7 (14... Bb7 15.
Re1 Qf4 16. Nxb5 axb5 17. Bxb5+ Bc6 18. Qd5 $3 Ra6 19. Rad1 $18 {Kokarev -
Smirnov (Samara, 2012)}) 15. Re1 Qa7 16. fxg7 Bxg7 17. Qd6 Qb6 18. Qg3 O-O 19.
Rad1 Ra7 20. Ne4 $44 {Leko - Ivanchuk (Monte Carlo, 2001)}) (12... gxf6 13. Bf3
Ra7 14. Ne4 Qe3+ 15. Kh1 Be7 16. Nf5 exf5 17. Nd6+ Bxd6 18. Qxd6 $44) 13. Qd3
Rd7 14. Ne4 Qe5 15. Nf3 {Wenig bringt 15.c3, wobei auch dort Weiß eine gewisse
Kompensation besitzt.} (15. c3 Bb7 16. Bf3 Bxe4 17. Bxe4 gxf6 18. Rae1 Bc5 19.
Kh1 Bxd4 20. cxd4 Qxd4 21. Qg3 Ke7 $1 $132 {Kogan - Smirin (Maalot-Tarshiha,
2008)}) 15... Qc7 {Das Spiel in dieser Variante verläuft sehr forciert - ein
falscher Zug und man gerät unter sehr starken Angriff.} (15... Qxb2 16. Qe3 Bb7
17. a4 b4 18. Rab1 Qxc2 19. Nfg5 Qc7 20. Rxb4 $3 Bxe4 21. Nxe4 Bxb4 22. fxg7
$16 {Leko - Ghaem Maghami (Yerevan, 2001)}) 16. Qe3 Bb7 (16... g6 17. c4 b4 18.
Bd1 $16) 17. Nfg5 h6 {Diese Stellung wurde schon ein Mal gespielt und Weiß
opferte den Springer auf e6. Wang Hao spielte besser.} 18. Qh3 (18. Nxe6 fxe6
19. Bh5+ Kd8 $17 {und Schwarz hat sich leicht verteidigt in Pegoraro - Guliyev
(Villa San Giovanni, 2005).}) (18. Nxf7 Kxf7 19. Ng5+ hxg5 20. fxg7+ Kxg7 21.
Qxg5+ Kh7 22. Bd3+ Rxd3 23. Qh5+ Kg7 (23... Kg8 24. Rxf8+ Kxf8 25. Qxh8+ Ke7
26. Qh7+ Kd8 27. Qxd3+ $16) 24. Qg5+ Kh7 25. Qh5+ $11) 18... g6 {Der Zug 18...
Qe5 sieht logisch aus, doch Weiß hat auch dann eine starke Initiative.} (18...
Qe5 $5 19. Bd3 Rg8 20. Rae1 hxg5 21. Qh7 Bxe4 22. Rxe4 Qxb2 23. Qxg8 gxf6 24.
a4 $36) 19. Bd3 {Weiß will früher oder später auf e6 opfern und bereitet sich
für das Opfer vor.} (19. Nxe6 $2 Qb6+ $1 $19) 19... Nc6 20. Kh1 {Auch hier
käme das Opfer zu früh.} (20. Nxe6 fxe6 21. Qxe6+ Kd8 22. f7 Qe5 23. Qxg6 Kc7
$15) (20. Rae1 Kd8 $13) 20... Ne5 (20... Kd8 21. a4 b4 22. Rad1 $14) 21. Rae1 (
21. Nxe6 fxe6 22. Qxe6+ Kd8 $15) 21... Bb4 {Stattdessen hätte Schwarz seinen
König evakuieren können, was zu einer unklaren Stellung führen würde.} (21...
Kd8 22. Nxe6+ fxe6 23. Ng5 $1 Bd5 24. Be4 $1 hxg5 25. Qxh8 Rf7 26. Rd1 $36 {
Weiß hat ausgezeichnetes Spiel auch in dieser Stellung.}) (21... Nxd3 $2 {
Das würde allerdings verlieren.} 22. Nxe6 fxe6 23. Qxe6+ Kd8 24. Qe8+ $3 {
Hübsch!} Kxe8 25. Nd6+ Kd8 26. Re8#) 22. Re3 Bd5 {Nun wäre das Nehmen auf d3
eine Alternative.} (22... Nxd3 $5 23. cxd3 (23. Nxe6 fxe6 24. Qxe6+ Kd8 25.
cxd3 Bd5 26. Qxa6 Qb7 $17) 23... Bd5 $13 {Zum einen hat Weiß keinen Plan, wie
er die schwarze Festung stürmen soll. Auf der anderen Seite kann auch Schwarz
wenig machen, weil sein Turm h8 aus dem Spiel ausgeschaltet ist. Die Stellung
ist zweischneidig.}) 23. Be2 Nc4 {Interessante Stellungen entstehen nach 23...
Nxc4:} (23... Qxc2 24. a3 Bf8 25. Nc3 Nc4 26. Nxe6 Nxe3 27. Ng7+ Kd8 (27...
Bxg7 28. fxg7 Rg8 29. Qxe3+ Re7 30. Qg3 Rxg7 31. Nxd5 $18) 28. Qxe3 $44) 24.
Rd3 (24. Bxc4 Qxc4 25. Rc1 (25. Rd1 Bxe4 $19) 25... Qxa2 $17) 24... Qe5 $1 {
Schwarz spielt auf Sieg. Er hat auch allen Grund dafür, denn der weiße Angriff
hat viel an Potenzial verloren.} (24... Bxe4 25. Nxe4 Rxd3 26. Qxd3 O-O 27. Qh3
$14) 25. a3 Ba5 26. Bg4 Nd6 $2 {Das ist der Fehler, der Schwarz die Partie
kostet. Nach 26...Bxe4 hätte Weiß eine schwere Zeit gehabt:} (26... Bxe4 27.
Nxe4 (27. Rxd7 Qxg5 $3 28. Re7+ Kf8 29. Qg3 Ne5 $19 {Weiß kann nichts gegen
die Drohung ...Bd8 machen, seine Stellung ist verloren.}) 27... Qxe4 28. Bf3
Qf5 (28... Rxd3 29. cxd3 Qd4 (29... Qxd3 30. Bc6+ $18) 30. Bc6+ Kf8 31. dxc4
Qxc4 32. Qf3 $44) 29. Qxf5 gxf5 30. Bc6 Ne5 31. Bxd7+ Nxd7 32. Rd6 Nb8 $1 $19 {
/\Bc7}) 27. Rxd5 $1 {Die Stellung von Schwarz fällt auseinander.} Qxd5 (27...
exd5 $4 28. Bxd7+ Kf8 29. Nxd6 $18) 28. Bxe6 $1 (28. Nxe6 Nxe4 29. Ng7+ Kf8 30.
Bxd7 Nf2+ 31. Rxf2 Qd1+ $19) 28... fxe6 29. f7+ Kd8 (29... Ke7 30. Qxh6 $1 Rdd8
(30... Rf8 31. Qxf8+ Kxf8 32. Nh7+ Kg7 33. f8=Q+ Kxh7 34. Nf6#) 31. f8=Q+ Rdxf8
32. Qg7+ Kd8 (32... Ke8 33. Nf6+ Rxf6 34. Qxh8+ Kd7 35. Qxf6 $18) 33. Rxf8+
Rxf8 34. Qxf8+ Kc7 35. Qxd6+ Qxd6 36. Nxd6 Kxd6 37. Kg1 $18) (29... Kf8 30.
Nxe6+ Ke7 31. Qh4+ g5 32. Qxh6 $18) 30. Nxe6+ Kc8 31. f8=Q+ Rxf8 32. Rxf8+ Bd8
{Schwarz ist in eine total verlorene Stellung gezwungen.} (32... Kb7 33. N6c5+
Ka7 34. Qxd7+ $18) 33. Nxd6+ Kb8 $1 {Sonst kann man gleich nach Hause gehen.} (
33... Qxd6 34. Rxd8+ Rxd8 35. Nxd8+ Kxd8 36. Qd3 $18) (33... Rxd6 34. Nxd8+ Kc7
35. Qc3+ Kb6 36. Qe3+ $18) 34. Rf1 $1 {Die einfachste Lösung.} Rxd6 (34... Qxd6
35. Nxd8 Rxd8 36. Qxh6 $18) 35. Nxd8 Qc4 {Schwarz versucht es mit taktischen
Tricks, aber die Stellung ist zu einfach und Weiß bringt den Punkt sicher nach
Hause.} (35... Rxd8 36. Qxh6 $18) 36. Rg1 Rxd8 37. Qg3+ Kb7 38. Qxg6 $18 {
Die Stellung ist gewonnen. Nicht nur hat Schwarz zwei Bauern weniger, sein
König ist auch noch schwach.} Rd2 39. Qxh6 Rxc2 40. Qg7+ Kb6 41. b4 Qd3 42. Re1
Qe3 43. Qf6+ Kc7 44. Qf1 Rf2 45. Qg1 Qf4 46. h3 Qg3 47. Qh2 1-0

[Event "Minsk Sokolsky Memorial-13"]
[Site "Minsk"]
[Date "1983.??.??"]
[Round "?"]
[White "Agapov, Konstantin"]
[Black "Yuferov, Sergey N"]
[Result "0-1"]
[WhiteElo "2335"]
[BlackElo "2430"]
[Annotator "Laios,S"]
[PlyCount "70"]
[EventDate "1983.11.12"]
[EventType "tourn"]
[EventRounds "17"]
[EventCountry "URS"]
[SourceTitle "EXT 2014"]
[Source "ChessBase"]
[SourceDate "2013.11.20"]
[SourceVersion "1"]
[SourceVersionDate "2013.11.20"]
[SourceQuality "1"]

1. e4 c5 2. Nf3 d6 3. d4 cxd4 4. Nxd4 Nf6 5. Nc3 a6 6. Bg5 e6 7. f4 Qc7 8. Qe2
Nbd7 9. O-O-O Be7 10. g4 b5 11. Bg2 b4 12. Nd5 exd5 13. Nf5 Ng8 14. Rxd5 Nb6
15. Bxe7 Nxe7 16. Nxd6+ Kf8 17. Rd2 h5 18. gxh5 Be6 19. e5 Rb8 20. Rhd1 Na4 21.
Nb7 g6 22. hxg6 Rxh2 23. Rd8+ Rxd8 24. Rxd8+ Kg7 25. gxf7 Bxf7 26. Rd2 Qb6 27.
Qe1 Bg6 28. f5 Nxf5 29. Nd6 Nh4 30. Ne8+ Kf8 31. Nf6 Bf5 32. e6 Qxe6 33. Nd7+
Kg7 34. Qg3+ Ng6 (34... Bg4) 35. Qxh2 Qxa2 {time} 0-1